Apuntes para una interpretación de la revolución Guatemalteca y de su derrota en 1954 /

Wedi'i Gadw mewn:
Manylion Llyfryddiaeth
Prif Awdur: Guerra-Borges, Alfredo
Fformat: Texto
Tagiau: Ychwanegu Tag
Dim Tagiau, Byddwch y cyntaf i dagio'r cofnod hwn!

MARC

LEADER 00000 a a2200000 04500
001 45474
003
040
090 |a REV0780 (42)2004  
100 |a Guerra-Borges, Alfredo  
245 |a Apuntes para una interpretación de la revolución Guatemalteca y de su derrota en 1954 /  |c Alfredo Guerra-Borges  
773 |g número42, VI Epoca (2004), páginas 124-143  
999 |c 24197  |d 24197